[Event "Bogota Superate Intercol Adv B"]
[Site "Bogota"]
[Date "2014.10.28"]
[Round "4.11"]
[White "Lopez Mutumbajoy, Jorge Andres"]
[Black "Gomez Guardo, Cristian"]
[Result "0-1"]
[WhiteElo "1567"]
[BlackElo "1815"]
[PlyCount "78"]
[EventDate "2014.10.28"]
[EventType "swiss (blitz)"]
[EventRounds "8"]
[EventCountry "COL"]
[SourceTitle "EXT 2024"]
[Source "ChessBase"]
[SourceDate "2023.10.10"]
[SourceVersion "1"]
[SourceVersionDate "2023.10.10"]
[SourceQuality "1"]

1. d4 Nf6 2. c4 d5 3. e3 c6 4. Nf3 g6 5. b3 Bg7 6. Bb2 0-0 7. Bd3 dxc4 8. bxc4 Nfd7 9. 0-0 c5 10. Nc3 cxd4 11. exd4 Nc6 12. Bc2 Nb6 13. d5 Nxc4 14. Rb1 Nxb2 15. Rxb2 Bxc3 16. Rb3 Bg7 17. dxc6 bxc6 18. Qxd8 Rxd8 19. Be4 Be6 20. Re3 Rac8 21. Rc1 Bh6 22. Rxc6 Bxe3 23. Rxc8 Bxf2+ 24. Kxf2 Rxc8 25. Ne5 f6 26. Nd3 Rc2+ 27. Ke3 Rxa2 28. Nc5 Bf7 29. Nd3 f5 30. Bf3 Ra3 31. Ke2 Bc4 32. Kf2 Rxd3 33. h3 e5 34. Bb7 Rd2+ 35. Kg3 Bd5 36. Ba6 Rxg2+ 37. Kh4 Kg7 38. Bf1 g5+ 39. Kh5 Bf3# 0-1

[Event "Bogota Superate Intercol Adv-B"]
[Site "Bogota"]
[Date "2014.10.26"]
[Round "3.7"]
[White "Lopez Mutumbajoy, Jorge Andres"]
[Black "Ricciulli Vargas, Roberth Eliece"]
[Result "0-1"]
[WhiteElo "1567"]
[BlackElo "1826"]
[PlyCount "38"]
[EventDate "2014.10.25"]
[EventType "swiss (rapid)"]
[EventRounds "6"]
[EventCountry "COL"]
[SourceTitle "EXT 2024"]
[Source "ChessBase"]
[SourceDate "2023.10.10"]
[SourceVersion "1"]
[SourceVersionDate "2023.10.10"]
[SourceQuality "1"]

1. d4 Nf6 2. c4 e6 3. c5 d5 4. b4 c6 5. Nf3 a5 6. Qa4 Be7 7. e3 0-0 8. Bd3 b6 9. 0-0 Bb7 10. Bb2 Qc7 11. cxb6 Qxb6 12. Qb3 Qxb4 13. Qxb4 axb4 14. a3 Nbd7 15. axb4 Bxb4 16. Ba3 Rfb8 17. Bb2 Rxa1 18. Bxa1 Ra8 19. Bc3 c5 0-1

[Event "Bogota Superate Intercol Adv-B"]
[Site "Bogota"]
[Date "2014.10.25"]
[Round "1.8"]
[White "Lopez Mutumbajoy, Jorge Andres"]
[Black "Gomez Guardo, Cristian"]
[Result "0-1"]
[WhiteElo "1567"]
[BlackElo "1862"]
[PlyCount "76"]
[EventDate "2014.10.25"]
[EventType "swiss (rapid)"]
[EventRounds "6"]
[EventCountry "COL"]
[SourceTitle "EXT 2024"]
[Source "ChessBase"]
[SourceDate "2023.10.10"]
[SourceVersion "1"]
[SourceVersionDate "2023.10.10"]
[SourceQuality "1"]

1. d4 d5 2. c4 c6 3. b3 g6 4. Bb2 Bg7 5. e3 Nf6 6. Bd3 dxc4 7. bxc4 0-0 8. Nf3 Qb6 9. Qd2 Nbd7 10. Nc3 Qc7 11. 0-0 e5 12. Ne4 Nxe4 13. Bxe4 f5 14. Bc2 e4 15. Ng5 Nb6 16. Bb3 h6 17. c5+ Nd5 18. Nh3 Be6 19. f3 exf3 20. Rxf3 Rae8 21. Nf4 Nxf4 22. exf4 Kh7 23. Bxe6 Rxe6 24. Rh3 Re4 25. Rf3 Rd8 26. Rd1 b6 27. Qb4 bxc5 28. Qxc5 Rd5 29. Qc4 Qd7 30. Rc1 Bxd4+ 31. Bxd4 Rdxd4 32. Qxc6 Rd1+ 33. Rf1 Rxf1+ 34. Kxf1 Qd3+ 35. Kg1 Qe3+ 36. Kf1 Rxf4+ 37. Qf3 Rxf3+ 38. gxf3 Qxc1+ 0-1